| 000 | 01522cam a2200349Ka 4500 | ||
|---|---|---|---|
| 001 | breakthroughperf00dani | ||
| 003 | CaSfIA | ||
| 005 | 20210117221646.0 | ||
| 007 | cr|||| | ||
| 008 | 950918s1995 caua b 001 0 eng d | ||
| 010 | _a 94072419 | ||
| 040 |
_aSJP _cSJP _dJED _dOCLCQ _dBAKER _dCaSfIA |
||
| 020 | _a188293900X | ||
| 020 | _a9781882939008 | ||
| 035 | _a(OCoLC)33148494 | ||
| 050 | 4 |
_aHD58.82 _b.D24 1995 |
|
| 092 | 0 |
_a658.402 _bDAN _220 |
|
| 100 | 1 | _aDaniels, William R. | |
| 245 | 1 | 0 |
_aBreakthrough performance : _h[electronic resource] _bmanaging for speed and flexibility / _cby William R. Daniels. |
| 260 |
_aMill Valley, Calif. : _bACT Pub., _cc1995. |
||
| 300 |
_axiii, 258 p. : _bill. ; _c23 cm. |
||
| 504 | _aIncludes bibliographical references (p. 249-251) and index. | ||
| 650 | 0 |
_aManagement _xEmployee participation. |
|
| 650 | 0 | _aPerformance technology. | |
| 856 | 4 | 1 |
_uhttp://www.archive.org/details/breakthroughperf00dani _zFree eBook from the Internet Archive |
| 856 | 4 | 2 |
_uhttp://www.openlibrary.org/books/OL8684525M _zAdditional information and access via Open Library |
| 029 | 1 |
_aAU@ _b000012236726 |
|
| 029 | 1 |
_aAU@ _b000021753241 |
|
| 942 | _cEB | ||
| 506 | _fНеобхідна авторизація на https://archive.org/ (створення облікового запису безкоштовно) | ||
| 506 | _fНеобхідна авторизація на https://openlibrary.org/ (створення облікового запису безкоштовно) | ||
| 999 |
_c476434 _d476434 |
||